000
00299nam a22001217a 4500
008
171016b xxu||||| |||| 00| 0 eng d
041
_a
eng
080
_a
331.101.262
100
_a
52
101
_a
BNJ
245
_a
MANAGEMENT ACCOUNT FOR HEALTHICARE ORGANIZATION
_c
SUVER.J.D
942
_2
udc
_c
BK
999
_c
34237
_d
34237